Blood sport
Novela que narra la historia de Gene Hawkins, un agente forzado a ir a vacaciones, debido a ser atormentado por su propio pasado; pero tras una invitación de su jefe, Hawkins acaba obteniendo un caso sobre el robo de tres sementales, haciendo que el agente vaya a Estados Unidos para resolver el caso...
שמור ב:
| מחבר ראשי: | |
|---|---|
| פורמט: | ספר |
| שפה: | Undetermined |
| יצא לאור: |
Londres, Inglaterra
The Companion Book Club
1967
|
| נושאים: | |
| תגים: |
הוספת תג
אין תגיות, היה/י הראשונ/ה לתייג את הרשומה!
|
MARC
| LEADER | 00000nam a2200000Ia 4500 | ||
|---|---|---|---|
| 008 | 170316s9999 xx 000 0 und d | ||
| 040 | |a cru BVZT | ||
| 090 | |a 820 F-7b | ||
| 100 | |a Francis, Dick | ||
| 245 | |a Blood sport | ||
| 260 | |a Londres, Inglaterra | ||
| 260 | |b The Companion Book Club | ||
| 260 | |c 1967 | ||
| 300 | |a 256 páginas | ||
| 520 | |a Novela que narra la historia de Gene Hawkins, un agente forzado a ir a vacaciones, debido a ser atormentado por su propio pasado; pero tras una invitación de su jefe, Hawkins acaba obteniendo un caso sobre el robo de tres sementales, haciendo que el agente vaya a Estados Unidos para resolver el caso. Aunque lentamente, este se ve involucrado no solo en peligros que apuntan a su vida sino en el interés amoroso de la hija adolescete de su Jefe y la bella esposa de su cliente. | ||
| 650 | |a LITERATURA INGLESA |9 12 | ||
| 999 | |c 6887 |d 6887 | ||
| 942 | |c 15 D |h 820 F-7b |2 z | ||
